[Event "SUI-chT"]
[Site "Switzerland"]
[Date "2019.10.19"]
[Round "8.6"]
[White "Riff, Jean Noel"]
[Black "Petkidis, Anthony"]
[Result "1-0"]
[WhiteElo "2493"]
[BlackElo "2348"]
[PlyCount "35"]
[EventDate "2019.03.10"]
[EventType "team-tourn"]
[EventRounds "9"]
[EventCountry "SUI"]
[SourceTitle "CBM 192 Extra"]
[Source "Chessbase"]
[SourceDate "2019.11.06"]
[SourceVersion "1"]
[SourceVersionDate "2019.11.06"]
[SourceQuality "1"]
[WhiteTeam "Geneve"]
[BlackTeam "Zuerich"]
[WhiteTeamCountry "SUI"]
[BlackTeamCountry "SUI"]

1. e4 c5 2. Nf3 Nc6 3. Nc3 d6 4. d4 cxd4 5. Nxd4 Nf6 6. Bg5 e6 7. Qd2 a6 8. 0-0-0 Bd7 9. f4 Qa5 10. Kb1 0-0-0 11. Be2 Qb6 12. Nb3 Be7 13. Bf3 Kb8 14. e5 Ne8 15. Bxc6 Bxg5 16. Bxd7 Be7 17. Bxe8 Rhxe8 18. Qd4 1-0